000 01428cam a22004457i 4500
001 2448
003 FISKH
005 20231208123309.0
008 131024s2014 maua j 000 1 eng d
010 _a 2013953535
020 _a9780763674571
020 _a0763674575
020 _a9781406356267
035 _a(OCoLC)ocn869771053
040 _aBTCTA
_beng
_cBTCTA
_dBDX
_erda
_dSINLB
_dOCLCO
_dDLC
042 _alccopycat
050 0 0 _aPZ7.C83175
_bMaiz 2014
082 0 4 _a[E]
_223
100 1 _aCousins, Lucy,
_eauthor,
_eillustrator.
245 1 0 _aMaisy's Christmas tree /
_cLucy Cousins.
260 _aLondon :
_bWalker Books,
_c2014.
300 _a14 unnumbered pages :
_bcolor illustrations ;
_c18 cm
336 _atext
_2rdacontent
336 _astill image
_2rdacontent
337 _aunmediated
_2rdamedia
338 _avolume
_2rdacarrier
505 _aE
520 _aIt's time for Maisy and her friends to decorate the Christmas tree, including stringing lights, hanging ornaments, and placing presents under the tree.
521 1 _a210
_bLexile
521 1 _aE
_bRaz-Plus
650 0 _aBoard books.
650 1 _aChristmas trees
_vFiction.
650 1 _aChristmas decorations
_vFiction.
650 1 _aHolidays
_vFiction.
650 1 _aMice
_vFiction.
650 1 _aAnimals
_vFiction.
650 1 _aBoard books.
906 _a7
_bcbc
_ccopycat
_d2
_encip
_f20
_gy-gencatlg
942 _2ddc
_cBK
_n0
999 _c2448
_d2448